El Desarrollo de las inteligencias en la infancia : (Record no. 42657)
[ view plain ]
| 000 -LEADER | |
|---|---|
| fixed length control field | 00959nam a22002297a 4500 |
| 005 - DATE AND TIME OF LATEST TRANSACTION | |
| control field | 20150124125221.0 |
| 008 - FIXED-LENGTH DATA ELEMENTS--GENERAL INFORMATION | |
| fixed length control field | 131007t mx ||||| |||| 00| 0 spa d |
| 020 ## - INTERNATIONAL STANDARD BOOK NUMBER | |
| International Standard Book Number | 9681676823 |
| 050 04 - LIBRARY OF CONGRESS CALL NUMBER | |
| Classification number | LB1029 .P67 |
| Item number | B78 2006 |
| 100 1# - MAIN ENTRY--PERSONAL NAME | |
| Personal name | Brunner, Ilse |
| 245 13 - TITLE STATEMENT | |
| Title | El Desarrollo de las inteligencias en la infancia : |
| Remainder of title | ejemplos prácticos para una enseñanza exitosa / |
| Statement of responsibility, etc | Ilse Brunner y Erika Rottensteiner ; traducción de Brigitte Prues. |
| 250 ## - EDITION STATEMENT | |
| Edition statement | 1a. ed. |
| 260 ## - PUBLICATION, DISTRIBUTION, ETC. (IMPRINT) | |
| Place of publication, distribution, etc | México : |
| Name of publisher, distributor, etc | Fondo de Cultura Económica, |
| Date of publication, distribution, etc | 2006 |
| 300 ## - PHYSICAL DESCRIPTION | |
| Extent | 330 p. : |
| Other physical details | il. ; |
| Dimensions | 21 cm. |
| 440 #0 - SERIES STATEMENT/ADDED ENTRY--TITLE | |
| Title | Educación y Pedagogía |
| 500 ## - GENERAL NOTE | |
| General note | traducción de : Auf in die schillernd bunte welt der begabungen eine entdckungreise ins reich der multiplen intellgenzen. |
| 504 ## - BIBLIOGRAPHY, ETC. NOTE | |
| Bibliography, etc | Bibliografía: p. 313-319 e índice |
| 650 #7 - SUBJECT ADDED ENTRY--TOPICAL TERM | |
| Source of heading or term | LEMB |
| Topical term or geographic name as entry element | Mediciones y pruebas educativas |
| General subdivision | Enseñanza |
| 700 1# - ADDED ENTRY--PERSONAL NAME | |
| Personal name | Rottensteiner, Erika, |
| Relator term | coaut. |
| 700 1# - ADDED ENTRY--PERSONAL NAME | |
| Personal name | Prues, Brigitte, |
| Relator term | tr. |
| 942 ## - ADDED ENTRY ELEMENTS (KOHA) | |
| Source of classification or shelving scheme | Biblioteca del Cogreso de los Estados Unidos |
| Koha item type | Libro |
| Estado de pérdida | Fuente de clasificación | Estado del daño | No para préstamo | Ubicación permanente | Ubicación actual | Apartado o colección | Fecha de adquisición | Enumeración de Serie / Cronológica | Dependencia de educación superior (DES) | Área del conocimiento | Clasificación | Código de Barras | Date last seen | Número de copia | Tipo de recurso | Total Checkouts | Date checked out | Nota pública |
|---|---|---|---|---|---|---|---|---|---|---|---|---|---|---|---|---|---|---|
| Biblioteca del Cogreso de los Estados Unidos | Biblioteca de la Facultad de Psicología | Biblioteca de la Facultad de Psicología | General | 07/10/2013 | BFP000005268 | LB1029.P67 B78 2006 | BFP000005268 | 07/10/2013 | 1 | Libro | ||||||||
| Biblioteca del Cogreso de los Estados Unidos | Biblioteca de la Facultad de Psicología | Biblioteca de la Facultad de Psicología | General | 07/10/2013 | BFP000005269 | LB1029.P67 B78 2006 | BFP000005269 | 26/02/2016 | 2 | Libro | 1 | 19/02/2016 | ||||||
| Biblioteca del Cogreso de los Estados Unidos | Biblioteca del Instituto de Investigaciones Históricas | Biblioteca del Instituto de Investigaciones Históricas | General | 04/11/2014 | LB1029 .P67 B78 2006 | IIH000001111 | 04/11/2014 | C:1 | Libro | GENERAL |